| 000 | 00617cam a22001932a 4500 | ||
|---|---|---|---|
| 001 | 020938 | ||
| 003 | AR-FADEU | ||
| 008 | 311216n1968####xxu####################dd | ||
| 092 |
_a338.980 _bP493 _eJLS |
||
| 245 | _aAmérica Latina : Reforma o revolución? | ||
| 260 | _aBuenos Aires | ||
| 260 | _bTiempo Contemporaneo | ||
| 260 | _c1968 | ||
| 300 | _a237 p | ||
| 440 | _aAnálisis y Perspectiva | ||
| 500 | _aSelección dirigida por: James Petras y Maurice Zeitlin | ||
| 650 | _aESTADOS UNIDOSAMERICA LATINA; PROPIEDAD DE LA TIERRA; INDUSTRIALIZACION; REVOLUCION SOCIAL; CONFLICTO SOCIAL/JLS/ | ||
| 942 | _cJLS | ||
| 999 |
_c26657 _d26657 |
||